|
|
|
|
| LEADER |
00000nam0a2200000 4500 |
| 001 |
117528 |
| 005 |
20231031123818.0 |
| 035 |
|
|
|a (RuTPU)RU\TPU\book\127218
|
| 090 |
|
|
|a 117528
|
| 100 |
|
|
|a 20070604d1975 km y0rusy50 ca
|
| 101 |
0 |
|
|a rus
|
| 102 |
|
|
|a RU
|
| 105 |
|
|
|a a z 001zy
|
| 200 |
1 |
|
|a Торкретирование ошипованных экранов котлоагрегатов
|f В. А. Лазовский, С. Т. Воронков
|
| 210 |
|
|
|a Москва
|c Энергия
|d 1975
|
| 215 |
|
|
|a 112 с.
|c ил.
|
| 225 |
1 |
|
|a Библиотека тепломонтажника
|
| 320 |
|
|
|a Библиогр.: с. 110.
|
| 610 |
1 |
|
|a теплотехника
|
| 610 |
1 |
|
|a котлоагрегаты
|
| 610 |
1 |
|
|a экраны топочные
|
| 610 |
1 |
|
|a торкретирование
|
| 675 |
|
|
|a 621.184.7
|v 3
|
| 700 |
|
1 |
|a Лазовский
|b В. А.
|g Валентин Александрович
|
| 701 |
|
1 |
|a Воронков
|b С. Т.
|g Сергей Тимофеевич
|
| 801 |
|
1 |
|a RU
|b 63413507
|c 20070604
|g PSBO
|
| 801 |
|
2 |
|a RU
|b 63413507
|c 20140718
|g PSBO
|
| 942 |
|
|
|c BK
|